000 00306nam a2200133Ia 4500
008 231129s1979||||xx |||||||||||||| ||spa||
040 _bspa
082 _a320.9861 M528s
100 _aMelo Jorge Orlando
245 0 _aSobre historia y politica
260 _c1979
264 _aLealon
942 _2ddc
_cBKS
999 _c24717
_d24717